Teorie aplikovaných pohybových aktivit pro užití v praxi I /

Hlavní autor: Válková, Hana, 1943-
Korporativní autor: Univerzita Palackého. Fakulta tělesné kultury
Jazyk: Čeština
Vydáno: Olomouc : Univerzita Palackého v Olomouci, 2012
Vydání: 1. vyd.
Témata:
Fyzický popis: 92 s. : il. ; 29 cm
Language note: Anglické resumé
Knihy
Uloženo v:
LEADER 01918nam a2200457 a 4500
001 nkc20122409979
003 CZ PrNK
005 20121122083008.0
007 ta
008 121008s2012 xr a e p 000 0 cze
015 |a cnb002409979 
020 |a 978-80-244-3163-5  |q (brož.) :  |c neprodejné 
035 |a (OCoLC)817050805 
040 |a OLA001  |b cze 
041 0 |a cze  |b eng 
072 7 |a 364  |x Sociální problémy vyžadující podporu a pomoc. Sociální zabezpečení  |2 Konspekt  |9 18 
072 7 |a 37.016  |x Učební osnovy. Vyučovací předměty. Učebnice  |2 Konspekt  |9 22 
080 |a 316.344.6-056.26/.3  |2 MRF 
080 |a 364-786  |2 MRF 
080 |a (075.8)  |2 MRF 
100 1 |a Válková, Hana,  |d 1943-  |7 jn20001103482  |4 aut 
245 1 0 |a Teorie aplikovaných pohybových aktivit pro užití v praxi I /  |c Hana Válková 
250 |a 1. vyd. 
260 |a Olomouc :  |b Univerzita Palackého v Olomouci,  |c 2012 
300 |a 92 s. :  |b il. ;  |c 29 cm 
500 |a Nad názvem: Univerzita Palackého v Olomouci, Fakulta tělesné kultury 
504 |a Obsahuje bibliografie a bibliografické odkazy 
521 8 |a Pro studenty Fakulty tělesné kultury Univerzity Palackého v Olomouci i pro studenty jiných tělovýchovných fakult či studijních oborů speciální pedagogiky 
546 |a Anglické resumé 
650 0 7 |a osoby se zdravotním postižením  |7 ph127575  |2 czenas 
650 0 7 |a sociální integrace  |7 ph125789  |2 czenas 
650 0 9 |a people with disabilities  |2 eczenas 
650 0 9 |a social integration  |2 eczenas 
655 7 |a učebnice vysokých škol  |7 fd133772  |2 czenas 
655 9 |a textbooks (higher)  |2 eczenas 
710 2 |a Univerzita Palackého.  |b Fakulta tělesné kultury  |7 kn20010709371 
910 2 |a BOA001  |b 4-1292.777 
990 |a BK 
995 |a 01 
991 |b 201211  |c NOV  |e n 
996 6 |b 2610526692  |c 4-1292.777  |l MZK  |r Sklad / do 1 hodiny  |n 6  |p p.v.  |w 001294624  |u 000010  |a 1  |e BOA001  |j MZK50  |s P